Chronicles of the Dead/ (Record no. 212028)

MARC details
000 -LEADER
fixed length control field 00562nam a22001937a 4500
005 - DATE AND TIME OF LATEST TRANSACTION
control field 20250702163913.0
010 ## - LCCN (DPL NO)
LC control number ENG-145538
020 ## - INTERNATIONAL STANDARD BOOK NUMBER
International Standard Book Number 9789348128804
Terms of availability 390.00
035 ## - SYSTEM CONTROL NUMBER
System control number EN-129070
037 ## - SOURCE OF ACQUISITION
Source of stock number/acquisition DBAD
082 ## - DEWEY DECIMAL CLASSIFICATION NUMBER
Classification number S
100 ## - MAIN ENTRY--PERSONAL NAME
Personal name Aditi Arun
245 ## - TITLE STATEMENT
Title Chronicles of the Dead/
Statement of responsibility, etc Aditi Arun
250 ## - EDITION STATEMENT
Edition statement 1
260 ## - PUBLICATION, DISTRIBUTION, ETC. (IMPRINT)
Place of publication, distribution, etc Kerala
Name of publisher, distributor, etc SandDunes
Date of publication, distribution, etc 2024
270 ## - ADDRESS
Address GB Building, Civil Lane road, ayyanthole thrissur
City New Delhi
Postal code 680003
Electronic mail address info@greenbooksindia.com
Telephone number 91-487-231066
-- 2381039
300 ## - PHYSICAL DESCRIPTION
Extent 272p.
Dimensions 22cm(pb)
942 ## - ADDED ENTRY ELEMENTS (KOHA)
Source of classification or shelving scheme Dewey Decimal Classification
Item type English Books
Classification part S
Call number suffix ADI
Holdings
Withdrawn status Lost status Not for loan Collection code Home library Current library Date acquired Source of acquisition Cost, normal purchase price Full call number Barcode Copy number Cost, replacement price Koha item type
    Not For Loan Fiction Patel Nagar Patel Nagar 02/07/2025 Delivery of Books Act Division 390.00 S ADI EN-129070 1 390.00 English Books

© Delhi Public Library
Hit Counter
free hit counter